Can You Guess The NBA Player By Their Face? - Statistics

General Stats
  • This quiz has been taken 736 times
  • The average score is 18 of 25
Answer Stats
Picture Answer % Correct
Jimmy Butler
96%
Jaylen Brown
94%
Klay Thompson
94%
Trae Young
94%
Jarrett Allen
92%
Dirk Nowitzki
91%
J.R. Smith
89%
Vince Carter
88%
Grayson Allen
87%
Marcus Smart
87%
Rajon Rondo
85%
Mo Bamba
76%
Jusuf Nurkic
73%
P.J. Tucker
66%
Kyle Anderson
62%
Matthew Dellavedova
55%
Eric Bledsoe
53%
Iman Shumpert
53%
Cedi Osman
52%
Avery Bradley
51%
Austin Rivers
50%
Robert Covington
49%
Jeff Teague
46%
Malik Monk
43%
Marquese Chriss
30%
No matching quizzes found
Score Distribution
Percent of People with Each Score
Percentile by Number Answered
Your Score History
You have not taken this quiz